000 00453nam a2200193Ia 4500
005 20240823013617.0
008 240823s9999||||xx |||||||||||||| ||und||
020 _a019564918-4
041 _aENGLISH
082 _A425 P3
100 _a"Cutts,Martin"
245 4 _aThe Plain English Guide
250 _a1st
260 _c2003
_bOxford University
_aNew Delhi
500 _aTRANSFERED
650 _aENG
_bEnglish
942 _cBK
999 _c167720
_d167720